Trilogie de l'histoire de France. (Record no. 38728)
[ view plain ]
| 000 -LEADER | |
|---|---|
| campo de control de longitud fija | 00621nam a2200193 i 4500 |
| 001 - NÚMERO DE CONTROL | |
| campo de control | 38728 |
| 003 - IDENTIFICADOR DE NÚMERO DE CONTROL | |
| campo de control | ES-MaACL |
| 005 - FECHA Y HORA DE LA ÚLTIMA TRANSACCIÓN | |
| campo de control | 20250822063116.0 |
| 007 - CAMPO FIJO DE DESCRIPCIÓN FÍSICA--INFORMACIÓN GENERAL | |
| campo de control de longitud fija | t| |
| 008 - DATOS DE LONGITUD FIJA--INFORMACIÓN GENERAL | |
| campo de control de longitud fija | 030226s1949 fr ||||1| fre d |
| 100 1# - ENTRADA PRINCIPAL--NOMBRE DE PERSONA | |
| Nombre de persona | Calmette, Joseph, |
| Fechas asociadas al nombre | 1873-1952 |
| 9 (RLIN) | 33767 |
| 245 10 - MENCIÓN DEL TÍTULO | |
| Título | Trilogie de l'histoire de France. |
| Número de parte o sección de la obra | , . II, |
| Nombre de parte o sección de la obra | L'ère classique / |
| Mención de responsabilidad, etc. | Joseph Calmette. |
| 250 ## - MENCION DE EDICION | |
| Mención de edición | [8éme éd.]. |
| 260 ## - PUBLICACIÓN, DISTRIBUCIÓN, ETC. | |
| Lugar de publicación, distribución, etc. | Paris : |
| Nombre del editor, distribuidor, etc. | Arthème Fayard, |
| Fecha de publicación, distribución, etc. | 1949 ( |
| Lugar de fabricación/manufactura | Mesnil sur l'Estrée : |
| Fabricante | Firmin Didot) |
| 300 ## - DESCRIPCIÓN FÍSICA | |
| Extensión | 799 p. ; |
| Dimensiones | 23 p. |
| 651 #4 - PUNTO DE ACCESO ADICIONAL DE MATERIA--NOMBRE GEOGRÁFICO | |
| Nombre geográfico | Francia- |
| Subdivisión general | Historia |
| 9 (RLIN) | 8679 |
| 852 ## - LOCALIZACIÓN | |
| Ubicación | ES-MaACL |
| Número de control de estantería | D-7413 |
| Sublocalización o colección | R.29943 |
| Estatus retirado | Estado de pérdida | Estado de daño | No para préstamo | Biblioteca de origen | Biblioteca actual | Ubicación en estantería | Fecha de adquisición | Fuente de adquisición | Total de préstamos | Signatura topográfica completa | Código de barras | Visto por última vez | Precio de reemplazo | Tipo de ítem Koha |
|---|---|---|---|---|---|---|---|---|---|---|---|---|---|---|
| Biblioteca del Ateneo de Madrid | Biblioteca del Ateneo de Madrid | Sala Valle Inclán | 17/01/2008 | D-7413 | 901040781 | 23/02/2023 | 23/02/2023 | Libro impreso |
